Responses for show #5469 - Thursday, May 22, 2008

Larissa Kelly game 3.

Contestants

[<< previous game]

Judith Koveleskie, a librarian from Greensburg, Pennsylvania

Deborah Gronich Tate, a freelance writer from Austin, Texas

Larissa Kelly, a grad student from El Cerrito, California (whose 2-day cash winnings total $80,600)

[next game >>]

Jeopardy! Round responses

20th CENTURY NOVELS
GAMES
CLOTHES-MINDED
HOLIDAYS & OBSERVANCES
ALABAMA
THE "HEART" OF DIXIE
    $200 1
The Heart Is A Lonely Hunter

Judith
    $200 2
Pin the Tail on the Donkey

Deborah
    $200 7
spaghetti straps

Judith
    $200 30
Arbor Day

Larissa
    $200 19
1861

Larissa
    $200 23
heartburn

Larissa
    $400 9
(John) Grisham

Larissa
    $400 3
Scrabble

Deborah
    $400 8
an obi

Larissa
    $400 29
Yom Kippur

Larissa
    $400 20
Helen Keller

Larissa
    $400 24
heartbeats per minute

Larissa
    $600 10
Misery

Deborah
    $600 4
the king

Deborah
    $600 11
lamé

Deborah
    $600 28
Kwanzaa

Judith
    $600 21
Lynyrd Skynyrd

Deborah
    $600 26
an artificial heart

Judith
    $800 14
(Mario) Puzo

Larissa
    $800 5
Chemin de Fer

Judith
    $800 12
Abercrombie & Fitch

Deborah
    $800 17
the Maine

Deborah
    $800 16
(Judith: Who is Wright-Patterson?)
...
(Alex: The correct response is [*], but Wright-Patterson is the Air Force base in Ohio.)

Wilbur Wright

Judith
Triple Stumper
    $800 27
a heart attack

Judith
    $1000 15
A Hundred Years of Solitude

Larissa
    $1000 6
clubs

Deborah
    $1000 13
(Giorgio) Armani

Larissa
    $1,000 18
Wyoming

Deborah
    $1000 22
Montgomery

Larissa
    $1000 25
"Heartbreak Hotel"

Judith

Scores at the first commercial break (after clue 15):

Larissa Deborah Judith
$3,600 $4,200 $1,200

Scores at the end of the Jeopardy! Round:

Larissa Deborah Judith
$6,400 $6,600 $3,400

Double Jeopardy! Round responses

CLASSICAL MUSIC
ACTOR'S RESUME
(Alex: We'll give you a list of films, you ID the actor of course, or the actress.)
ROMANCE & HISTORY
POTPOURRI AROUND THE WORLD
CHEMISTRY
IN THE DICTIONARY
    $400 26
(Larissa: What is a lute?)

a mandolin

Larissa
Triple Stumper
    $400 18
Michael Douglas

Judith
    $400 1
(Judith: Who is Helen?)

Josephine (de Beauharnais)

LarissaJudith
    $400 4
(Amelia) Earhart

Larissa
    $400 23
carbon

Deborah
    $400 8
zero

Deborah
    $800 27
the Nutcracker

Triple Stumper
    $800 19
Russell Crowe

Larissa
    $800 2
Lincoln

Judith
    $800 14
(Larissa: Who is Musharraf?)

(Fidel) Castro

LarissaDeborah
    $800 24
nitrogen & oxygen

Larissa
    $800 9
dreamt

Judith
    $1200 28
Mozart

Larissa
    $1200 20
Hugh Grant

Judith
    $3,000 3
Venice

Judith
    $1200 15
hurricane season

Deborah
    $1200 25
cobalt

Deborah
    $1200 10
the kidney

Larissa
    $1600 29
(Judith: Who is Wagner?)

Johannes Brahms

Judith
Triple Stumper
    $1600 21
Jodie Foster

Deborah
    $1600 5
an actress

Triple Stumper
    $1600 16
chutneys

Deborah
    $1600 6
collagen

Triple Stumper
    $1600 11
salaam

Judith
    $2000 30
Debussy

Larissa
    $2000 22
Gary Oldman

Larissa
    $2000 13
Louis XIV

Larissa
    $2000 17
Liechtenstein

Triple Stumper
    $2000 7
3M

Judith
    $2,000 12
the pale

Judith

Scores at the end of the Double Jeopardy! Round:

Larissa Deborah Judith
$16,000 $13,800 $13,200

[wagering suggestions for these scores]

Final Jeopardy! Round responses

EARLY 20th CENTURY PLAYS
JudithWhat is Pygmalion?
$3,001
DeborahWhat is Pygmalion?
$13,000
LarissaWhat is Pygmalion?
$12,000
Pygmalion

Final scores:

Larissa Deborah Judith
$28,000 $26,800 $16,201
3-day champion: $108,600 2nd place: $2,000 3rd place: $1,000

Game dynamics:

Coryat scores:

Larissa Deborah Judith
$16,000 $13,800 $11,400
21 R,
2 W
17 R
(including 1 DD),
0 W
15 R
(including 2 DDs),
3 W

Combined Coryat: $41,200

The J! Archive is created by fans, for fans. The Jeopardy! game show and all elements thereof, including but not limited to copyright and trademark thereto, are the property of Jeopardy Productions, Inc. and are protected under law. This website is not affiliated with, sponsored by, or operated by Jeopardy Productions, Inc. Join the discussion at JBoard.tv.